[Event "GBR-ch blitz (Women)"]
[Site "Birmingham"]
[Date "2019.11.16"]
[Round "6"]
[White "Raghavendra, Mahima"]
[Black "Norinkeviciute, Rasa"]
[Result "1-0"]
[WhiteElo "1486"]
[BlackElo "1946"]
[PlyCount "109"]
[EventDate "2019.11.16"]
[EventType "tourn (blitz)"]
[EventRounds "15"]
[EventCountry "ENG"]
[SourceTitle "BritBase"]
[Source "John Saunders"]
[SourceDate "2024.03.28"]
[SourceVersion "1"]
[SourceVersionDate "2024.03.28"]
[SourceQuality "1"]

1. e4 d6 2. d4 Nf6 3. Nc3 Nbd7 4. f4 e5 5. fxe5 dxe5 6. dxe5 Nxe5 7. Qxd8+ Kxd8
8. Bf4 Bd6 9. O-O-O Ke7 10. Bg5 c6 11. Nf3 Bc7 12. Bf4 Nd3+ 13. Bxd3 Bxf4+ 14.
Kb1 Be6 15. e5 Nd5 16. Ne2 Bh6 17. Ned4 Ne3 18. Rdg1 Rad8 19. g4 g6 20. Nxe6
fxe6 21. g5 Bg7 22. Re1 Nd5 23. Bc4 Nf4 24. c3 Rhf8 25. Nd4 Nh3 26. Nxe6 Bh8
27. Nxf8 Rxf8 28. Rhf1 Rxf1 29. Rxf1 Nxg5 30. h4 Ne6 31. Re1 Bg7 32. Kc2 Bh6
33. Rf1 Bg7 34. Re1 Kd7 35. Rd1+ Ke7 36. Re1 a6 37. a4 b5 38. axb5 axb5 39. Bb3
Nc5 40. e6 Bf6 41. Ba2 Bxh4 42. b4 Nb7 43. Rd1 Nd6 44. Rf1 Bf6 45. Rh1 h5 46.
Kd3 h4 47. Bb3 g5 48. Rg1 Nf5 49. Ke4 Ng3+ 50. Kf3 Bxc3 51. Rd1 Bxb4 52. Rd7+
Kf6 53. Rf7+ Kg6 54. Bc2+ Kh6 55. Rh7# 1-0

[Event "GBR-ch blitz (Women)"]
[Site "Birmingham"]
[Date "2019.11.16"]
[Round "6"]
[White "Smith, Madeleine"]
[Black "Milewska, Agnieszka"]
[Result "0-1"]
[WhiteElo "1354"]
[BlackElo "1677"]
[PlyCount "73"]
[EventDate "2019.11.16"]
[EventType "tourn (blitz)"]
[EventRounds "15"]
[EventCountry "ENG"]
[SourceTitle "BritBase"]
[Source "John Saunders"]
[SourceDate "2024.03.28"]
[SourceVersion "1"]
[SourceVersionDate "2024.03.28"]
[SourceQuality "1"]

1. e4 e5 2. Nf3 Nc6 3. Bc4 h6 4. Nc3 Nf6 5. d3 Bc5 6. Be3 Bb6 7. Qd2 d6 8. h3
Be6 9. Bb5 Bxe3 10. fxe3 O-O 11. O-O Ne7 12. d4 exd4 13. exd4 c6 14. Ba4 b5 15.
Bb3 Bxb3 16. axb3 Qb6 17. Kh1 Ng6 18. e5 dxe5 19. dxe5 Rad8 20. Qe1 Rfe8 21.
Qg3 Nh5 22. Qg4 Nhf4 23. Rad1 Rxd1 24. Rxd1 Ne6 25. Nh4 Nxe5 26. Qf5 Ng5 27.
Ne4 Nxe4 28. Qxe4 Qf2 29. Nf3 f6 30. Rd2 Qc5 31. b4 Qe7 32. Re2 Kf7 33. Nh4 Qd7
34. Nf5 Qd1+ 35. Re1 Qd5 36. Qh4 Qd7 37. Qh5+ 0-1

[Event "GBR-ch blitz (Women)"]
[Site "Birmingham"]
[Date "2019.11.16"]
[Round "6"]
[White "Somton, Anita"]
[Black "Gamal, Alaa"]
[Result "1-0"]
[WhiteElo "1593"]
[BlackElo "1709"]
[PlyCount "93"]
[EventDate "2019.11.16"]
[EventType "tourn (blitz)"]
[EventRounds "15"]
[EventCountry "ENG"]
[SourceTitle "BritBase"]
[Source "John Saunders"]
[SourceDate "2024.03.28"]
[SourceVersion "1"]
[SourceVersionDate "2024.03.28"]
[SourceQuality "1"]

1. d4 Nf6 2. Nf3 g6 3. c4 c5 4. d5 b5 5. Qc2 bxc4 6. e4 d6 7. Bxc4 Bg7 8. Nc3
Bd7 9. O-O O-O 10. a4 Qb6 11. a5 Qb4 12. Bd3 Bg4 13. Bd2 Bxf3 14. gxf3 Qb7 15.
Ne2 Nbd7 16. Kh1 a6 17. f4 Rfb8 18. Bc3 Nf8 19. Ng3 Nh5 20. Bxg7 Kxg7 21. Nxh5+
gxh5 22. Rg1+ Kh8 23. Qc3+ f6 24. Rab1 Qb3 25. Qd2 Qb4 26. Qe2 Ng6 27. Qe3 Qxa5
28. Be2 Qa2 29. Bxh5 Rg8 30. Bg4 Rab8 31. Be6 Rg7 32. f5 Nf8 33. Rxg7 Kxg7 34.
Rg1+ Ng6 35. fxg6 hxg6 36. Qg3 g5 37. f4 Rxb2 38. fxg5 f5 39. exf5 Qb3 40. f6+
Kg6 41. Qxb3 Rxb3 42. fxe7 Rb8 43. Bd7 Kf7 44. e8=Q+ Rxe8 45. Bxe8+ Kxe8 46. g6
Kf8 47. h4 1-0

[Event "GBR-ch blitz (Women)"]
[Site "Birmingham"]
[Date "2019.11.16"]
[Round "6"]
[White "Toma, Katarzyna"]
[Black "Sheikh, Samia Zannat"]
[Result "1-0"]
[WhiteElo "2210"]
[BlackElo "1595"]
[PlyCount "57"]
[EventDate "2019.11.16"]
[EventType "tourn (blitz)"]
[EventRounds "15"]
[EventCountry "ENG"]
[SourceTitle "BritBase"]
[Source "John Saunders"]
[SourceDate "2024.03.28"]
[SourceVersion "1"]
[SourceVersionDate "2024.03.28"]
[SourceQuality "1"]

1. e4 c5 2. Nf3 g6 3. d4 cxd4 4. Nxd4 Bg7 5. c4 Nc6 6. Be3 d6 7. Nc3 Bd7 8. Be2
Nf6 9. Rc1 a6 10. O-O O-O 11. b3 Rc8 12. f4 e6 13. Kh1 Qe7 14. Qd2 Rfd8 15. Bf3
Nxd4 16. Bxd4 Bc6 17. Bb6 Rd7 18. Qe2 Re8 19. Rcd1 d5 20. cxd5 exd5 21. e5 Ne4
22. Nxe4 dxe4 23. Bxe4 Bb5 24. Bd3 Qh4 25. Bxb5 Rxd1 26. Bxe8 Rd5 27. Qc4 Rd2
28. Bxf7+ Kf8 29. Bc5+ 1-0

[Event "GBR-ch blitz (Women)"]
[Site "Birmingham"]
[Date "2019.11.16"]
[Round "7"]
[White "Arakhamia-Grant, Ketevan"]
[Black "Smith, Madeleine"]
[Result "1-0"]
[WhiteElo "2218"]
[BlackElo "1354"]
[PlyCount "85"]
[EventDate "2019.11.16"]
[EventType "tourn (blitz)"]
[EventRounds "15"]
[EventCountry "ENG"]
[SourceTitle "BritBase"]
[Source "John Saunders"]
[SourceDate "2024.03.28"]
[SourceVersion "1"]
[SourceVersionDate "2024.03.28"]
[SourceQuality "1"]

1. e4 e5 2. Nf3 Nc6 3. Bb5 f5 4. d3 fxe4 5. dxe4 Nf6 6. O-O Bc5 7. Nc3 d6 8.
Bg5 O-O 9. h3 Be6 10. Nd5 Bxd5 11. exd5 Nd4 12. Nxd4 Bxd4 13. c3 Bb6 14. a4 a6
15. Bd3 Qe8 16. Bf5 e4 17. Be6+ Kh8 18. Qe2 Qg6 19. Be3 Bxe3 20. Qxe3 Rae8 21.
Rfe1 c6 22. c4 cxd5 23. cxd5 Qh5 24. Qd4 Qg6 25. Rac1 Qg5 26. Rc7 Qf4 27. Rxb7
Nh5 28. Rxe4 Qc1+ 29. Kh2 Qg5 30. Rg4 Qh6 31. b4 Rf4 32. Rxf4 Nxf4 33. Bg4 Ng6
34. b5 axb5 35. axb5 Ne5 36. b6 Qf6 37. Qb4 Nxg4+ 38. Qxg4 Qe5+ 39. Qg3 Qf6 40.
Rc7 Rb8 41. b7 Qf8 42. Qg4 h6 43. Rc8 1-0

[Event "GBR-ch blitz (Women)"]
[Site "Birmingham"]
[Date "2019.11.16"]
[Round "7"]
[White "Arora, Prachi"]
[Black "Raghavendra, Mahima"]
[Result "0-1"]
[WhiteElo "1577"]
[BlackElo "1486"]
[PlyCount "74"]
[EventDate "2019.11.16"]
[EventType "tourn (blitz)"]
[EventRounds "15"]
[EventCountry "ENG"]
[SourceTitle "BritBase"]
[Source "John Saunders"]
[SourceDate "2024.03.28"]
[SourceVersion "1"]
[SourceVersionDate "2024.03.28"]
[SourceQuality "1"]

1. e4 c5 2. Nf3 g6 3. Nc3 Nc6 4. Bc4 Bg7 5. Ng5 e6 6. Nf3 Nf6 7. O-O O-O 8. d3
d5 9. exd5 exd5 10. Bb5 a6 11. Ba4 b5 12. Bb3 c4 13. dxc4 dxc4 14. Qxd8 Rxd8
15. Bxc4 bxc4 16. Bg5 Bf5 17. Rad1 Rxd1 18. Rxd1 Bxc2 19. Re1 Re8 20. Bxf6
Rxe1+ 21. Nxe1 Bxf6 22. Nxc2 Kf8 23. Kf1 Ke8 24. Nd5 Bxb2 25. Nc7+ Kd7 26. Nxa6
c3 27. Nc5+ Kd6 28. Ne4+ Ke5 29. f3 Nd4 30. Nxd4 Kxd4 31. Ke1 c2 32. Kd2 c1=Q+
33. Ke2 Qe3+ 34. Kf1 f5 35. Ng3 Kd3 36. a4 Bc3 37. a5 Qe1# 0-1

[Event "GBR-ch blitz (Women)"]
[Site "Birmingham"]
[Date "2019.11.16"]
[Round "7"]
[White "Gamal, Alaa"]
[Black "Head, Louise"]
[Result "1-0"]
[WhiteElo "1709"]
[BlackElo "1844"]
[PlyCount "69"]
[EventDate "2019.11.16"]
[EventType "tourn (blitz)"]
[EventRounds "15"]
[EventCountry "ENG"]
[SourceTitle "BritBase"]
[Source "John Saunders"]
[SourceDate "2024.03.28"]
[SourceVersion "1"]
[SourceVersionDate "2024.03.28"]
[SourceQuality "1"]

1. c4 e5 2. g3 Nf6 3. Bg2 Nc6 4. Nc3 Bb4 5. Nd5 Nxd5 6. cxd5 Ne7 7. a3 Bc5 8.
b4 Bd4 9. Rb1 d6 10. e3 Bb6 11. Bb2 O-O 12. Ne2 c6 13. Nc3 Bf5 14. e4 Bg6 15.
Na4 cxd5 16. Nxb6 Qxb6 17. d3 d4 18. O-O f5 19. Rc1 fxe4 20. dxe4 Rac8 21. Qd3
a5 22. b5 Rc5 23. a4 Rfc8 24. f4 Rxc1 25. Bxc1 Rc3 26. Qd2 Qc5 27. f5 Bf7 28.
Qg5 Qc7 29. f6 Ng6 30. fxg7 Qe7 31. Qg4 Kxg7 32. Bg5 Qe6 33. Qh5 Nh8 34. Qh4
Ng6 35. Bf6+ 1-0

[Event "GBR-ch blitz (Women)"]
[Site "Birmingham"]
[Date "2019.11.16"]
[Round "7"]
[White "Milewska, Agnieszka"]
[Black "Posadas, Rayelynn"]
[Result "1-0"]
[WhiteElo "1677"]
[BlackElo "1815"]
[PlyCount "141"]
[EventDate "2019.11.16"]
[EventType "tourn (blitz)"]
[EventRounds "15"]
[EventCountry "ENG"]
[SourceTitle "BritBase"]
[Source "John Saunders"]
[SourceDate "2024.03.28"]
[SourceVersion "1"]
[SourceVersionDate "2024.03.28"]
[SourceQuality "1"]

1. d4 g6 2. c4 Bg7 3. Nc3 Nf6 4. Nf3 d6 5. e4 Nbd7 6. Bg5 O-O 7. Bxf6 Bxf6 8.
g3 c6 9. Bg2 e5 10. d5 c5 11. O-O Bg7 12. Rc1 a6 13. Qc2 Nb6 14. b3 f5 15. Nd2
Qg5 16. Nf3 Qf6 17. Nd2 f4 18. Nf3 Bg4 19. Ne2 fxg3 20. fxg3 Bxf3 21. Rxf3 Qg5
22. Rcf1 Nd7 23. Rxf8+ Rxf8 24. Rxf8+ Bxf8 25. Qc1 Qg4 26. Kf2 Nf6 27. Bf3 Qh3
28. Qg1 Ng4+ 29. Bxg4 Qxg4 30. Qg2 Bh6 31. Qf3 Qh3 32. Qg2 Qh5 33. Qg1 Qg5 34.
Kg2 Qd2 35. Qf1 Qxa2 36. Qf3 Qd2 37. Kh3 Qe3 38. Qxe3 Bxe3 39. Kg4 Kf7 40. h3
b5 41. Kf3 Bd4 42. cxb5 axb5 43. Nc1 c4 44. bxc4 bxc4 45. Ke2 Kf6 46. h4 g5 47.
h5 g4 48. Na2 Kg5 49. Nb4 Bc5 50. Nc6 Kxh5 51. Ne7 Kg5 52. Kd2 h5 53. Nf5 Bf2
54. Kc3 Bd4+ 55. Kxc4 Bc5 56. Kb5 Kf6 57. Kc6 Bf2 58. Kd7 Bc5 59. Nxd6 Bxd6 60.
Kxd6 Kg5 61. Kc7 h4 62. gxh4+ Kxh4 63. d6 g3 64. d7 g2 65. d8=Q+ Kh3 66. Qh8+
Kg3 67. Qxe5+ Kf2 68. Qf4+ Ke1 69. Qg3+ Kf1 70. Qxg2+ Kxg2 71. e5 1-0

[Event "GBR-ch blitz (Women)"]
[Site "Birmingham"]
[Date "2019.11.16"]
[Round "7"]
[White "Mirza, Diana"]
[Black "Orlovska, Madara"]
[Result "0-1"]
[WhiteElo "1772"]
[BlackElo "2094"]
[PlyCount "144"]
[EventDate "2019.11.16"]
[EventType "tourn (blitz)"]
[EventRounds "15"]
[EventCountry "ENG"]
[SourceTitle "BritBase"]
[Source "John Saunders"]
[SourceDate "2024.03.28"]
[SourceVersion "1"]
[SourceVersionDate "2024.03.28"]
[SourceQuality "1"]

1. d4 Nf6 2. Nf3 g6 3. Nbd2 Bg7 4. e4 d6 5. Bd3 c6 6. c3 O-O 7. O-O b5 8. a4
Bd7 9. axb5 cxb5 10. Qe2 Qb6 11. Nb3 a5 12. Bg5 h6 13. Bh4 a4 14. Nbd2 Na6 15.
e5 Nd5 16. Bg3 Rfe8 17. e6 fxe6 18. Bxg6 Rf8 19. Be4 Rab8 20. Bxd5 exd5 21.
Qxe7 Rf7 22. Qxd6 Qxd6 23. Bxd6 Rb6 24. Be5 Bf8 25. Nh4 Kh7 26. f4 b4 27. Rf3
Be7 28. g3 bxc3 29. bxc3 Rb2 30. Nf1 a3 31. Rf2 Rb3 32. Rf3 Bg4 33. Re3 Rb2 34.
Nf3 Bxf3 35. Rxf3 a2 36. Rf2 Rb1 37. Raxa2 Nb8 38. Rfb2 Rxb2 39. Rxb2 Nd7 40.
Rb7 Nxe5 41. dxe5 Bc5+ 42. Kg2 Rxb7 43. e6 Kg6 44. Kf3 Kf5 45. Ne3+ Bxe3 46.
Kxe3 Kxe6 47. Kd4 Rb2 48. c4 dxc4 49. Kxc4 Rxh2 50. Kd4 Kf5 51. Ke3 h5 52. Kf3
Rh1 53. Kg2 Ra1 54. Kh3 Ra3 55. Kh4 Kg6 56. Kh3 Ra1 57. Kg2 Kf5 58. Kh3 Rh1+
59. Kg2 Ra1 60. Kh3 Kg6 61. Kg2 h4 62. gxh4 Kh5 63. Kh3 Rf1 64. Kg3 Kg6 65. Kg4
Rg1+ 66. Kf3 Kh5 67. Kf2 Rg4 68. Kf3 Rxh4 69. f5 Kg5 70. Kg3 Rg4+ 71. Kh3 Rf4
72. Kg3 Rxf5 0-1

[Event "GBR-ch blitz (Women)"]
[Site "Birmingham"]
[Date "2019.11.16"]
[Round "7"]
[White "Norinkeviciute, Rasa"]
[Black "Toma, Katarzyna"]
[Result "0-1"]
[WhiteElo "1946"]
[BlackElo "2210"]
[PlyCount "52"]
[EventDate "2019.11.16"]
[EventType "tourn (blitz)"]
[EventRounds "15"]
[EventCountry "ENG"]
[SourceTitle "BritBase"]
[Source "John Saunders"]
[SourceDate "2024.03.28"]
[SourceVersion "1"]
[SourceVersionDate "2024.03.28"]
[SourceQuality "1"]

1. c4 Nf6 2. g3 g6 3. Bg2 d5 4. cxd5 Nxd5 5. Nc3 Nb6 6. Nf3 Bg7 7. d3 Nc6 8.
Be3 O-O 9. Qd2 e5 10. Bh6 Re8 11. Bxg7 Kxg7 12. O-O Nd4 13. Rfe1 c6 14. Rad1
Bg4 15. Nxd4 exd4 16. Ne4 Nd5 17. h3 Bf5 18. Nc5 Qe7 19. Nb3 Qe5 20. Na5 Re7
21. Nc4 Qf6 22. Na3 Rae8 23. Nc2 h5 24. h4 Bg4 25. Kf1 Ne3+ 26. Nxe3 dxe3 0-1

[Event "GBR-ch blitz (Women)"]
[Site "Birmingham"]
[Date "2019.11.16"]
[Round "7"]
[White "Sheikh, Samia Zannat"]
[Black "Somton, Anita"]
[Result "0-1"]
[WhiteElo "1595"]
[BlackElo "1593"]
[PlyCount "130"]
[EventDate "2019.11.16"]
[EventType "tourn (blitz)"]
[EventRounds "15"]
[EventCountry "ENG"]
[SourceTitle "BritBase"]
[Source "John Saunders"]
[SourceDate "2024.03.28"]
[SourceVersion "1"]
[SourceVersionDate "2024.03.28"]
[SourceQuality "1"]

1. d4 d5 2. c4 e6 3. Nc3 Nf6 4. Nf3 Be7 5. Bg5 Nbd7 6. e3 c6 7. cxd5 exd5 8.
Bd3 Nf8 9. h3 Ne6 10. Bh4 O-O 11. Ne2 Qc7 12. Bg3 Bd6 13. O-O Ne4 14. Bxe4 dxe4
15. Nd2 f5 16. Bxd6 Qxd6 17. Nc4 Qb4 18. b3 f4 19. Qc2 f3 20. Ng3 fxg2 21. Kxg2
Ng5 22. Kh2 Bxh3 23. Rfd1 Bg4 24. Rdc1 Rae8 25. Ne5 Nf3+ 26. Nxf3 Bxf3 27. Qc4+
Qxc4 28. bxc4 h5 29. Rc2 h4 30. Nf1 Rf6 31. Nd2 Bg4 32. Nb3 Ref8 33. Rf1 b6 34.
c5 b5 35. Na5 Bd7 36. Nb7 Rf3 37. Nd6 Bf5 38. Nxf5 R8xf5 39. Kg2 h3+ 40. Kh2 g5
41. Rb2 g4 42. Rg1 Rg5 43. a3 a6 44. Rc2 Kf7 45. Rd2 Ke6 46. Rg3 Rxg3 47. Kxg3
Kf5 48. Rd1 Ke6 49. Rh1 Kd5 50. Kf4 Rg8 51. Rc1 a5 52. Kg3 b4 53. axb4 axb4 54.
Rb1 Kc4 55. Rc1+ Kb3 56. Rb1+ Ka3 57. Ra1+ Kb2 58. Ra6 b3 59. Rxc6 Kc2 60. Rb6
b2 61. c6 b1=Q 62. Rxb1 Kxb1 63. d5 Rc8 64. Kh2 Kc2 65. Kg3 Kd3 0-1

[Event "GBR-ch blitz (Women)"]
[Site "Birmingham"]
[Date "2019.11.16"]
[Round "7"]
[White "Supatan, Dawn"]
[Black "Jina, Asha"]
[Result "0-1"]
[WhiteElo "1596"]
[BlackElo "1510"]
[PlyCount "100"]
[EventDate "2019.11.16"]
[EventType "tourn (blitz)"]
[EventRounds "15"]
[EventCountry "ENG"]
[SourceTitle "BritBase"]
[Source "John Saunders"]
[SourceDate "2024.03.28"]
[SourceVersion "1"]
[SourceVersionDate "2024.03.28"]
[SourceQuality "1"]

1. e4 e6 2. d4 d5 3. exd5 exd5 4. Nf3 Bd6 5. Bd3 c6 6. O-O Ne7 7. Be3 Bg4 8.
Nbd2 Nd7 9. c4 dxc4 10. Bxc4 Nb6 11. Bd3 Qc7 12. Qc2 O-O-O 13. Rac1 Nbd5 14.
Rfe1 Nb4 15. Qb3 Nxd3 16. Qxd3 Nd5 17. Qb3 h5 18. h3 Be6 19. a3 Nxe3 20. Qxe3
Bf4 21. Qe2 Rde8 22. Qd3 g5 23. Qc3 g4 24. hxg4 hxg4 25. Ne5 Bxd2 26. Qxd2 f6
27. Nd3 Qh2+ 28. Kf1 Qh1+ 29. Ke2 Bb3+ 30. Ne5 Qxg2 31. Kd3 fxe5 32. Rxe5 Rh3+
33. Re3 Qe4+ 34. Ke2 Rxe3+ 35. fxe3 Qg2+ 36. Kd3 Qxd2+ 37. Kxd2 Rg8 38. Rc3 Bd5
39. Kd3 g3 40. Rc1 g2 41. Rg1 Rg3 42. Ke2 Rh3 43. Kd3 Rh1 44. Rxh1 gxh1=Q 45.
Kd2 Qg2+ 46. Kc3 Qe4 47. Kd2 Bc4 48. Kc3 Qd3+ 49. Kb4 b6 50. b3 Qxb3# 0-1

[Event "GBR-ch blitz (Women)"]
[Site "Birmingham"]
[Date "2019.11.16"]
[Round "8"]
[White "Head, Louise"]
[Black "Sheikh, Samia Zannat"]
[Result "1-0"]
[WhiteElo "1844"]
[BlackElo "1595"]
[PlyCount "89"]
[EventDate "2019.11.16"]
[EventType "tourn (blitz)"]
[EventRounds "15"]
[EventCountry "ENG"]
[SourceTitle "BritBase"]
[Source "John Saunders"]
[SourceDate "2024.03.28"]
[SourceVersion "1"]
[SourceVersionDate "2024.03.28"]
[SourceQuality "1"]

1. d4 c5 2. d5 d6 3. c4 Nf6 4. Nc3 g6 5. e4 Bg7 6. h3 a6 7. Nf3 O-O 8. Bd3 Bd7
9. a4 e6 10. O-O Re8 11. Bf4 Qb6 12. Qd2 e5 13. a5 Qc7 14. Bh6 Bc8 15. Bxg7
Kxg7 16. Na4 Nbd7 17. b4 cxb4 18. Qxb4 Nc5 19. Nxc5 dxc5 20. Qc3 Qd6 21. Rab1
Rb8 22. Rb6 Qc7 23. d6 Qd7 24. Nxe5 Qd8 25. d7 Bxd7 26. Nxd7 Qxd7 27. Qxf6+ Kg8
28. Qd6 Qa4 29. Qxc5 Rec8 30. Qb4 Qd7 31. Be2 Qe8 32. Bg4 Rc7 33. Bf3 Qd8 34.
Rd1 Qg5 35. Rbd6 Rcc8 36. Rd7 Qe5 37. Qe7 Qf4 38. Rd8+ Rxd8 39. Rxd8+ Kg7 40.
Qf8+ Kf6 41. e5+ Kxe5 42. Qd6+ Kf5 43. Bg4+ Kg5 44. Qxf4+ Kxf4 45. Rxb8 1-0

[Event "GBR-ch blitz (Women)"]
[Site "Birmingham"]
[Date "2019.11.16"]
[Round "8"]
[White "Milewska, Agnieszka"]
[Black "Arakhamia-Grant, Ketevan"]
[Result "0-1"]
[WhiteElo "1677"]
[BlackElo "2218"]
[PlyCount "66"]
[EventDate "2019.11.16"]
[EventType "tourn (blitz)"]
[EventRounds "15"]
[EventCountry "ENG"]
[SourceTitle "BritBase"]
[Source "John Saunders"]
[SourceDate "2024.03.28"]
[SourceVersion "1"]
[SourceVersionDate "2024.03.28"]
[SourceQuality "1"]

1. d4 Nf6 2. c4 g6 3. Nc3 Bg7 4. Nf3 O-O 5. Bf4 d6 6. g3 Nbd7 7. e4 e5 8. dxe5
dxe5 9. Bg5 h6 10. Bxf6 Bxf6 11. Bh3 c6 12. O-O Qe7 13. Bxd7 Bxd7 14. Qd2 Bg7
15. Rad1 Bg4 16. Qe3 Rad8 17. Kg2 Qe6 18. Kg1 Qxc4 19. Rc1 Qe6 20. Nh4 b6 21.
f3 Bh3 22. Rfe1 Rd6 23. g4 Rfd8 24. Rc2 Qf6 25. Kf2 Qxh4+ 26. Ke2 Bxg4 27. Rf1
Be6 28. b3 Qxh2+ 29. Rf2 Qf4 30. Qxf4 exf4 31. Rg2 Bxc3 32. Rxc3 Rd2+ 33. Kf1
Rd1+ 0-1

[Event "GBR-ch blitz (Women)"]
[Site "Birmingham"]
[Date "2019.11.16"]
[Round "8"]
[White "Orlovska, Madara"]
[Black "Supatan, Dawn"]
[Result "1-0"]
[WhiteElo "2094"]
[BlackElo "1596"]
[PlyCount "62"]
[EventDate "2019.11.16"]
[EventType "tourn (blitz)"]
[EventRounds "15"]
[EventCountry "ENG"]
[SourceTitle "BritBase"]
[Source "John Saunders"]
[SourceDate "2024.03.28"]
[SourceVersion "1"]
[SourceVersionDate "2024.03.28"]
[SourceQuality "1"]

1. d4 e6 2. Nc3 d5 3. Bf4 c5 4. e3 Nc6 5. Nb5 a6 6. Nc7+ Kd7 7. Nxa8 Bd6 8.
Bxd6 Kxd6 9. dxc5+ Ke7 10. Nb6 Nf6 11. Nf3 Bd7 12. Be2 Re8 13. Nxd7 Qxd7 14.
O-O Kf8 15. c4 dxc4 16. Qxd7 Nxd7 17. Bxc4 Nxc5 18. Rac1 Ne4 19. Rfd1 Nf6 20.
a3 Ne7 21. Ne5 Ned5 22. Bxd5 exd5 23. f4 Rd8 24. Rc7 b5 25. Rdc1 Rd6 26. Rxf7+
Ke8 27. Rc8+ Rd8 28. Rxd8+ Kxd8 29. Rxg7 Ke8 30. g4 Ne4 31. Rxh7 Kf8 1-0

[Event "GBR-ch blitz (Women)"]
[Site "Birmingham"]
[Date "2019.11.16"]
[Round "8"]
[White "Posadas, Rayelynn"]
[Black "Jina, Asha"]
[Result "1-0"]
[WhiteElo "1815"]
[BlackElo "1510"]
[PlyCount "65"]
[EventDate "2019.11.16"]
[EventType "tourn (blitz)"]
[EventRounds "15"]
[EventCountry "ENG"]
[SourceTitle "BritBase"]
[Source "John Saunders"]
[SourceDate "2024.03.28"]
[SourceVersion "1"]
[SourceVersionDate "2024.03.28"]
[SourceQuality "1"]

1. e4 e6 2. d4 d5 3. exd5 exd5 4. Nf3 Bd6 5. Nc3 Ne7 6. h3 c6 7. Be2 Bf5 8. O-O
Nd7 9. Re1 Qc7 10. Bd3 Bxd3 11. Qxd3 O-O-O 12. a4 f6 13. b4 Bxb4 14. Ba3 Bxa3
15. Rxa3 Nb6 16. Nd2 Qd6 17. Ra2 Ng6 18. a5 Nc4 19. Rd1 Nxd2 20. Qxd2 Rhe8 21.
Rb1 Re7 22. Rab2 Nf4 23. Na4 Ne6 24. c3 Qc7 25. a6 b6 26. Nxb6+ axb6 27. Rxb6
Qd6 28. Qb2 Kd7 29. a7 Ra8 30. Rb7+ Ke8 31. Rb8+ Rxb8 32. axb8=Q+ Kf7 33. Qxd6
1-0

[Event "GBR-ch blitz (Women)"]
[Site "Birmingham"]
[Date "2019.11.16"]
[Round "8"]
[White "Raghavendra, Mahima"]
[Black "Mirza, Diana"]
[Result "1/2-1/2"]
[WhiteElo "1486"]
[BlackElo "1772"]
[PlyCount "138"]
[EventDate "2019.11.16"]
[EventType "tourn (blitz)"]
[EventRounds "15"]
[EventCountry "ENG"]
[SourceTitle "BritBase"]
[Source "John Saunders"]
[SourceDate "2024.03.28"]
[SourceVersion "1"]
[SourceVersionDate "2024.03.28"]
[SourceQuality "1"]

1. e4 d5 2. exd5 Qxd5 3. d4 Nf6 4. Nc3 Qd8 5. g3 Bg4 6. Be2 Bxe2 7. Ngxe2 e6 8.
O-O Be7 9. Nf4 O-O 10. Be3 Nc6 11. Nce2 Ng4 12. h3 Nxe3 13. fxe3 e5 14. Ng2
exd4 15. exd4 Qd6 16. c3 Rad8 17. Qc2 Bf6 18. Nef4 g6 19. Rae1 Bg7 20. Ne3 Ne7
21. Kh2 c5 22. dxc5 Qxc5 23. b4 Qxc3 24. Qxc3 Bxc3 25. Rb1 Bd2 26. Ng4 Bxf4 27.
Rxf4 Nd5 28. Rf2 h5 29. Ne5 Rde8 30. Nd7 Nc3 31. Rc1 Re2 32. Rxe2 Nxe2 33. Re1
Rd8 34. Nf6+ Kg7 35. Nxh5+ gxh5 36. Rxe2 Rd4 37. a3 Rd3 38. Re7 Rxa3 39. Rxb7
Ra2+ 40. Kg1 Kg6 41. b5 f5 42. Rc7 Kg5 43. Rc4 Rb2 44. Ra4 Rxb5 45. Rxa7 Rb2
46. Rg7+ Kf6 47. Rh7 Kg6 48. Ra7 Kf6 49. Rh7 Kg6 50. Ra7 Kg5 51. Rg7+ Kf6 52.
Ra7 Rd2 53. Rh7 Kg6 54. Ra7 Rd3 55. Kf2 h4 56. gxh4 Rxh3 57. Ra6+ Kh5 58. Rf6
Kg4 59. Rh6 Rxh4 60. Rxh4+ Kxh4 61. Kf3 Kg5 62. Kg3 f4+ 63. Kf3 Kf5 64. Kf2 Ke4
65. Ke2 f3+ 66. Kf2 Kf4 67. Kf1 Ke3 68. Ke1 f2+ 69. Kf1 Kf3 1/2-1/2

[Event "GBR-ch blitz (Women)"]
[Site "Birmingham"]
[Date "2019.11.16"]
[Round "8"]
[White "Smith, Madeleine"]
[Black "Gamal, Alaa"]
[Result "1-0"]
[WhiteElo "1354"]
[BlackElo "1709"]
[PlyCount "117"]
[EventDate "2019.11.16"]
[EventType "tourn (blitz)"]
[EventRounds "15"]
[EventCountry "ENG"]
[SourceTitle "BritBase"]
[Source "John Saunders"]
[SourceDate "2024.03.28"]
[SourceVersion "1"]
[SourceVersionDate "2024.03.28"]
[SourceQuality "1"]

1. e4 c5 2. c3 g6 3. d4 cxd4 4. cxd4 d5 5. e5 Bg7 6. Nc3 Nc6 7. Nf3 Bg4 8. Be2
e6 9. h3 Bxf3 10. Bxf3 Nge7 11. Bg5 a6 12. O-O h6 13. Bh4 O-O 14. Qd2 Qb6 15.
Rad1 Nf5 16. Bf6 Nfxd4 17. Bg4 h5 18. Be2 Nxe2+ 19. Qxe2 Rac8 20. Kh1 Rc7 21.
Rc1 Rfc8 22. Rfd1 Nb4 23. a3 Nc6 24. Qd2 Nxe5 25. Bxg7 Kxg7 26. Qf4 Nc4 27. Ne2
Qxb2 28. Ng3 Qf6 29. Ne2 Qxf4 30. Nxf4 Nxa3 31. Ra1 Nb5 32. Rab1 Rc2 33. Kg1
Rd2 34. Rxd2 e5 35. Nxd5 Rd8 36. Rdd1 Rc8 37. Rdc1 Rd8 38. Nc3 Nxc3 39. Rxc3 b5
40. Rc6 Ra8 41. Ra1 a5 42. Rb6 b4 43. Rb5 Kf6 44. Raxa5 Rd8 45. Rxb4 Rd1+ 46.
Kh2 Rd2 47. Kg3 h4+ 48. Rxh4 g5 49. Rb4 Kf5 50. Ra7 f6 51. Kf3 Rd3+ 52. Ke2 Rc3
53. g4+ Ke6 54. Ra6+ Kf7 55. f3 Rc2+ 56. Kf1 Rh2 57. Rb7+ Kg6 58. Ra8 f5 59.
Ra6# 1-0

[Event "GBR-ch blitz (Women)"]
[Site "Birmingham"]
[Date "2019.11.16"]
[Round "8"]
[White "Somton, Anita"]
[Black "Norinkeviciute, Rasa"]
[Result "0-1"]
[WhiteElo "1593"]
[BlackElo "1946"]
[PlyCount "114"]
[EventDate "2019.11.16"]
[EventType "tourn (blitz)"]
[EventRounds "15"]
[EventCountry "ENG"]
[SourceTitle "BritBase"]
[Source "John Saunders"]
[SourceDate "2024.03.28"]
[SourceVersion "1"]
[SourceVersionDate "2024.03.28"]
[SourceQuality "1"]

1. d4 Nf6 2. Nf3 b6 3. g3 Bb7 4. Bg2 e6 5. c4 Bb4+ 6. Bd2 Qe7 7. O-O O-O 8. Nc3
d6 9. a3 Bxc3 10. Bxc3 Ne4 11. Qc2 f5 12. e3 Nd7 13. Nd2 d5 14. Bb4 c5 15. dxc5
bxc5 16. Ba5 Nb6 17. cxd5 exd5 18. Nxe4 fxe4 19. Rfd1 Rac8 20. Bc3 Qf7 21. Qe2
Rcd8 22. Rac1 Rc8 23. b4 cxb4 24. Bxb4 Rfd8 25. Bh3 Rxc1 26. Rxc1 Nc4 27. Bc5
Ne5 28. Bxa7 Nf3+ 29. Kg2 Qg6 30. Rc7 Ba6 31. Qb2 Ne1+ 32. Kg1 Nf3+ 33. Kh1 Qh6
34. Kg2 Ne1+ 35. Kh1 Nf3 36. Be6+ Kh8 37. h3 Ng5 38. Bg4 Nxh3 39. Kg2 Ng5 40.
Bd4 Rg8 41. Be5 Nf3 42. Bxf3 exf3+ 43. Kxf3 Qh5+ 44. Kg2 Qg6 45. Qd4 Bc4 46.
Qf4 Bd3 47. f3 Bc4 48. Rf7 Qc2+ 49. Kh3 Bf1+ 50. Kh4 Qh2+ 51. Kg4 Bh3+ 52. Kg5
Be6 53. Bxg7+ Rxg7+ 54. Kf6 Rg6+ 55. Ke7 Rg7 56. Kd8 Qb2 57. a4 Qb6+ 0-1